000 01143nam a22003377a 4500
003 OSt
005 20230706100741.0
008 170318s2016 gt||||| |||| 00| 0 spa d
040 _cLado V
082 0 4 _a701.18
_bB276c
100 _9867
_aBarrios, Jose Luis
_edirector
245 1 0 _aCurare/
_bEspacio Crítico para las artes/
260 _bALMERIA
_c2001
_aMexico
300 _a152p.
_c16.5x 21.5cm
490 _a17
_v2001
_x1405-2377
505 _aEditorial
505 _aDogmas
_tSilencio
505 _aCronicas
_tSofía Taboas: Umbral
505 _aMexico en Hannover 2000
505 _aMausoleos
_tCurator: Fist Person Feminine
505 _aPremio Marco
505 _aSacramentos
_tHelen Escobedo y Gabriel Orozco
505 _aSacrilegios
_tGénero y sexualidad en Polonia
505 _aRevisiones
650 _2Tesauro de Arte & Arquitectura
_aCULTURA
650 _2Tesauro de Arte & Arquitectura
_aARTE
650 _2Tesauro de Arte & Arquitectura
_aANALISIS
650 _2Tesauro de Arte & Arquitectura
_aCRITICA
700 1 _aSvankmajer.
_eilustrador.
_95749
942 _2ddc
_c1
_h701.18
_iB276c
_n0
999 _c3982
_d3982